| 000 | 00402nam a2200157Ia 4500 | ||
|---|---|---|---|
| 008 | 181130s2018 xx 000 0 und d | ||
| 100 | _aMohapatra, Amiya Kumar | ||
| 245 | _aRapid strides in rural infrastructure | ||
| 260 | _c2018 | ||
| 300 | _ap.24-26. | ||
| 504 | _dJun | ||
| 650 | _aRural development | ||
| 650 | _aRural infrastructure | ||
| 773 | _aKurukshetra | ||
| 906 | _aRural development | ||
| 999 |
_c506797 _d506797 |
||